Центральный государственный архив Октябрьской революции, высших органов государственной власти и органов государственного управления СССР: Справочник; Том 1: (дореволюционный период)

Bibliographic Details
Corporate Author: Центральный государственный архив Октябрьской революции, высших органов государственной власти и органов государственного управления СССР
Language:Russian
Published: Москва, ЦГАОР ССР, 1990
Subjects:
Format: Book
KOHA link:https://koha.lib.tpu.ru/cgi-bin/koha/opac-detail.pl?biblionumber=188591

MARC

LEADER 00000nam0a2200000 4500
001 188591
005 20231101224139.0
010 |b 1000 экз. 
035 |a (RuTPU)RU\TPU\book\204840 
090 |a 188591 
100 |a 20101210d1990 k y0rusy50 ca 
101 0 |a rus 
102 |a RU 
105 |a y g 001zy 
200 1 |a Центральный государственный архив Октябрьской революции, высших органов государственной власти и органов государственного управления СССР  |e Справочник  |h Том 1: (дореволюционный период)  |f Центральный государственный архив Октябрьской революции, высших органов государственной власти и органов государственного управления СССР 
210 |a Москва  |c ЦГАОР ССР  |d 1990 
215 |a 278 с. 
320 |a Имен. указ.: с. 211-275. 
606 1 |a Архивы исторические  |2 stltpush  |3 (RuTPU)RU\TPU\subj\53363  |9 71657 
610 1 |a история России 
610 1 |a 19 век 
610 1 |a архивные данные 
610 1 |a архивные фонды 
686 |a Т2я2  |v LBC/SL-A  |2 rubbk 
712 0 2 |a Центральный государственный архив Октябрьской революции, высших органов государственной власти и органов государственного управления СССР 
801 1 |a RU  |b 63413507  |c 20101210 
801 2 |a RU  |b 63413507  |c 20221003  |g RCR 
942 |c BK